Zborník literárnych prác študentov Gymnázia v Stropkove ; ilustroval Alfonz Cichý

Bibliographic Details
Other Authors: Cichý, Alfonz (Illustrator)
Format: Book
Language:Slovak
PhysicalDescription:50 s. ilustr. 21 cm
Published: Stropkov Gymnázium 1995
Subjects:

MARC

LEADER 00000cam a2200000 a 4500
001 vtls001180811
003 SK-MaSNL
005 20260301194623.0
008 240611s1995 xo a gr 100 1 slo
015 |a SNBA1996/0601474 
035 |a SNK000123813 
035 |a urn:nbn:sk:snk-amkeva 
035 |a urn:nbn:sk:snk-am003wl4 
035 |a 4EF95EAA-4EC0-4458-BD05-8F2E0D684E98 
040 |a SNK  |b slo  |c SNK  |e AACR2 
041 0 |a slo 
044 |a xo  |c SK 
080 |a 885.4-1+885.4-3(082)  |2 1981 
080 |a 885.4-3(082)  |2 1981 
245 0 0 |a Zborník literárnych prác študentov Gymnázia v Stropkove ; ilustroval Alfonz Cichý 
260 |a Stropkov  |b Gymnázium  |c 1995 
300 |a 50 s.  |b ilustr.  |c 21 cm 
366 |e 250 výtl. 
500 |a Nepredajné 
500 |a Zostavil kolektív učiteľov jazyka slovenského na Gymnáziu v Stropkove 
610 2 7 |a Gymnázium (Stropkov, Slovensko)  |2 SNKKA  |9 575486 
650 0 7 |a literárna tvorba  |2 SNKPH  |9 4226 
650 0 7 |a juvenilná literatúra  |2 SNKPH  |9 75722 
650 0 7 |a študenti  |2 SNKPH  |9 3979 
655 7 |a slovenská poézia  |2 SNKPH  |9 70444 
655 7 |a slovenské prózy  |2 SNKPH  |9 70229 
655 7 |a zborníky  |2 SNKPH  |9 70165 
700 1 |a Cichý, Alfonz  |4 ill  |9 43180 
852 |a Slovenská národná knižnica 
954 |a beletria pôvodná (slovenská)  |2 lita 
958 |a TL 
958 |a LX 
999 |c 882465  |d 884395 
952 |t P60, <03>, [BOOK], {603}  |a SNK  |b SNK  |y PREZ  |7 0  |p 17A0007436  |o snkSC 90143  |i snkKSP 2854/96  |0 0  |1 0  |4 0  |d 1996-03-06  |f 1  |l 0  |r 2025-09-09 00:00:00  |w 2026-02-24 
952 |t P60, <04>, [BOOK], {604}  |a SNK  |b SNK  |y VYP  |7 0  |p 17A0025667  |o snkSC 90143 D1  |i snkKSP 2855/96  |0 0  |1 0  |4 0  |d 1996-03-06  |l 0  |r 2005-01-01 00:00:00  |w 2026-02-24